[Event "EU-chT Seniors 65"]
[Site "Swidnica"]
[Date "2023.07.12"]
[Round "1.4"]
[White "Tompa, Janos"]
[Black "Olesen, Poul Erik Norgaard"]
[Result "1-0"]
[WhiteElo "2287"]
[BlackElo "1976"]
[PlyCount "45"]
[EventDate "2023.07.12"]
[EventType "team-swiss"]
[EventRounds "9"]
[EventCountry "POL"]
[SourceTitle "CBM 215 Extra"]
[Source "ChessBase"]
[SourceDate "2023.09.30"]
[SourceVersion "1"]
[SourceVersionDate "2023.09.30"]
[SourceQuality "1"]
[WhiteTeam "Hungary 65"]
[BlackTeam "Denmark 65"]
[WhiteTeamCountry "HUN"]
[BlackTeamCountry "DEN"]

1. e4 d6 2. d4 Nf6 3. Nc3 Nbd7 4. f4 c5 5. Nf3 cxd4 6. Nxd4 g6 7. Be2 Bg7 8. 0-0 0-0 9. Kh1 Nc5 10. Bf3 Bg4 11. Be3 Qd7 12. f5 Bxf3 13. Qxf3 b6 14. Rae1 Qb7 15. Bf2 Rac8 16. Nd5 Nfxe4 17. Rxe4 Qxd5 18. Rxe7 Qxf3 19. gxf3 a5 20. Rfe1 Bf6 21. R7e2 gxf5 22. Nxf5 Bxb2 23. Ne7+ 1-0

[Event "Wch Seniors 65 30th"]
[Site "Assisi"]
[Date "2022.11.16"]
[Round "2"]
[White "Olesen, Poul Erik Norgaard"]
[Black "Maryasin, Boris Feliksovich"]
[Result "0-1"]
[WhiteElo "2025"]
[BlackElo "2258"]
[PlyCount "108"]
[EventDate "2022.11.15"]
[EventType "swiss"]
[EventRounds "11"]
[EventCountry "ITA"]
[SourceTitle "CBM 211 Extra"]
[Source "ChessBase"]
[SourceDate "2023.01.31"]
[SourceVersion "1"]
[SourceVersionDate "2023.01.31"]
[SourceQuality "1"]

1. e4 c5 2. Nf3 e6 3. d4 cxd4 4. Nxd4 Nc6 5. Nc3 Qc7 6. Be3 Nf6 7. a3 a6 8. Be2 b5 9. 0-0 Bb7 10. Nb3 Ne5 11. f4 Nc4 12. Bxc4 bxc4 13. Nd2 Bc5 14. Qe2 d5 15. exd5 Nxd5 16. Nxd5 Bxd5 17. Kh1 Bxe3 18. Qxe3 Qb7 19. Qe2 0-0 20. Rab1 Rac8 21. Nf3 Rfd8 22. Ne5 Rd6 23. Rfe1 Rb6 24. Rbd1 f6 25. Ng4 Rxb2 26. Ne3 Be4 27. Nxc4 Rxc2 28. Qxe4 Qxe4 29. Rxe4 R8xc4 30. Rxe6 Rc1 31. Rg1 Rxg1+ 32. Kxg1 Ra4 33. g3 Rxa3 34. Re7 Ra2 35. Ra7 h5 36. h4 Kh7 37. Kh1 Kh6 38. Rb7 a5 39. Rb5 a4 40. Kg1 a3 41. Ra5 Kg6 42. Kh1 Kf7 43. Ra6 Ke7 44. Kg1 Kd7 45. f5 Kc7 46. Ra7+ Kc6 47. Ra4 Kd5 48. Kh1 Ke5 49. Kg1 Kxf5 50. Rf4+ Ke5 51. Ra4 g5 52. Ra5+ Ke4 53. hxg5 fxg5 54. Rxg5 Rb2 0-1

[Event "WchT Seniors 65"]
[Site "Acqui Terme"]
[Date "2022.06.20"]
[Round "1.1"]
[White "Olesen, Poul Erik Norgaard"]
[Black "Berkovich, Mark A"]
[Result "0-1"]
[WhiteElo "2001"]
[BlackElo "2337"]
[PlyCount "46"]
[EventDate "2022.06.20"]
[EventType "team-tourn"]
[EventRounds "9"]
[EventCountry "ITA"]
[SourceTitle "CBM 209 Extra"]
[Source "ChessBase"]
[SourceDate "2022.09.30"]
[SourceVersion "1"]
[SourceVersionDate "2022.09.30"]
[SourceQuality "1"]
[WhiteTeam "Skakklubben 2012 65"]
[BlackTeam "Israel 65"]
[WhiteTeamCountry "DEN"]
[BlackTeamCountry "ISR"]

1. e4 e5 2. Bc4 Nf6 3. d3 c6 4. Bb3 d5 5. Nd2 a5 6. c3 Bd6 7. Ngf3 0-0 8. 0-0 Nbd7 9. Re1 Re8 10. Nf1 h6 11. Ng3 Nf8 12. h3 Ng6 13. a4 Be6 14. Nf5 Bc5 15. Bc2 Qb6 16. Qe2 Nh5 17. d4 exd4 18. N3xd4 Nf6 19. Qf3 dxe4 20. Bxe4 Bxd4 21. cxd4 Bxf5 22. Qxf5 Qxd4 23. Bxh6 Rxe4 0-1

[Event "Reykjavik Kvika op"]
[Site "Reykjavik"]
[Date "2022.04.10"]
[Round "7"]
[White "Olesen, Poul Erik Norgaard"]
[Black "Kumar, Sanjit S"]
[Result "1-0"]
[WhiteElo "2010"]
[BlackElo "1792"]
[PlyCount "125"]
[EventDate "2022.04.06"]
[EventType "swiss"]
[EventRounds "9"]
[EventCountry "ISL"]
[SourceTitle "CBM 207 Extra"]
[Source "ChessBase"]
[SourceDate "2022.05.31"]
[SourceVersion "1"]
[SourceVersionDate "2022.05.31"]
[SourceQuality "1"]

1. e4 e6 2. d4 d5 3. Nc3 Bb4 4. Bd2 dxe4 5. Qg4 Nf6 6. Qxg7 Rg8 7. Qh6 Qxd4 8. Nge2 Qd8 9. Bg5 Rg6 10. Qh4 Nc6 11. Nf4 Qd4 12. Nfe2 Bxc3+ 13. Nxc3 Nb4 14. Bb5+ c6 15. Ba4 Bd7 16. Rd1 Qe5 17. Bxf6 Qxf6 18. Qxf6 Rxf6 19. Nxe4 Rg6 20. a3 Nd5 21. c4 Nb6 22. Bc2 Rxg2 23. Ng3 Nxc4 24. Be4 Rxg3 25. hxg3 Nxb2 26. Rb1 Nc4 27. a4 0-0-0 28. Rxh7 Nd6 29. Bc2 e5 30. Rd1 Be6 31. f4 exf4 32. gxf4 Kc7 33. f5 Nxf5 34. Bxf5 Rxd1+ 35. Kxd1 Bxf5 36. Rxf7+ Bd7 37. Kd2 Kd6 38. Kc3 b6 39. Rh7 a6 40. Rh6+ Be6 41. a5 b5 42. Rh8 Kc5 43. Rb8 Bc4 44. Rb6 Be2 45. Kb3 Bc4+ 46. Kc3 Kd6 47. Rxa6 Kc5 48. Rb6 b4+ 49. Rxb4 Bb5 50. Rf4 Kd5 51. Rf5+ Kd6 52. Kb4 Kc7 53. Rf7+ Kd6 54. Ra7 Be2 55. a6 c5+ 56. Ka5 c4 57. Rf7 c3 58. a7 c2 59. a8Q c1Q 60. Qd8+ Ke5 61. Re7+ Kf4 62. Qd4+ Kf3 63. Qe4+ 1-0

[Event "Reykjavik Kvika op"]
[Site "Reykjavik"]
[Date "2022.04.07"]
[Round "2"]
[White "Smith, Lynda"]
[Black "Olesen, Poul Erik Norgaard"]
[Result "1-0"]
[WhiteElo "1772"]
[BlackElo "2010"]
[PlyCount "87"]
[EventDate "2022.04.06"]
[EventType "swiss"]
[EventRounds "9"]
[EventCountry "ISL"]
[SourceTitle "CBM 207 Extra"]
[Source "ChessBase"]
[SourceDate "2022.05.31"]
[SourceVersion "1"]
[SourceVersionDate "2022.05.31"]
[SourceQuality "1"]

1. e4 g6 2. g3 Bg7 3. Bg2 d6 4. d3 Nf6 5. Nc3 c6 6. h3 Nbd7 7. Be3 0-0 8. Qd2 Re8 9. Nge2 e5 10. 0-0 Nf8 11. f4 exf4 12. Nxf4 h6 13. Kh2 Kh7 14. Rad1 Ne6 15. Qf2 Bd7 16. Nxe6 Bxe6 17. Bd4 Nd7 18. Bxg7 Kxg7 19. Qd4+ Ne5 20. Ne2 g5 21. Qc3 c5 22. d4 cxd4 23. Nxd4 Rc8 24. Nxe6+ Rxe6 25. Qd2 Rf6 26. Rf5 Qc7 27. c3 Re6 28. Rdf1 Qb6 29. b3 Rc7 30. c4 a5 31. Qd1 Qb4 32. Bf3 a4 33. Bh5 axb3 34. axb3 Qc3 35. h4 g4 36. Bxg4 Rg6 37. Bf3 h5 38. Rg1 Re7 39. Bxh5 Rh6 40. Rgf1 Qe3 41. R5f4 f6 42. Bg4 Ng6 43. Qxd6 Rf7 44. Rxf6 1-0

[Event "DEN-ch Seniors 65"]
[Site "Aalborg"]
[Date "2022.02.24"]
[Round "5"]
[White "Skovgaard, Tom"]
[Black "Olesen, Poul Erik Norgaard"]
[Result "1/2-1/2"]
[WhiteElo "1936"]
[BlackElo "1963"]
[PlyCount "26"]
[EventDate "2022.02.20"]
[EventType "swiss"]
[EventRounds "7"]
[EventCountry "DEN"]
[SourceTitle "EXT 2024"]
[Source "ChessBase"]
[SourceDate "2023.10.10"]
[SourceVersion "1"]
[SourceVersionDate "2023.10.10"]
[SourceQuality "1"]

1. e4 e5 2. Nf3 d6 3. d4 Nd7 4. Bc4 c6 5. dxe5 dxe5 6. 0-0 Be7 7. a4 Ngf6 8. Re1 h6 9. c3 Qc7 10. h3 Nf8 11. Qc2 g5 12. Nh2 Ng6 13. Nd2 Rg8 1/2-1/2

[Event "DEN-ch Seniors 65"]
[Site "Aalborg"]
[Date "2022.02.22"]
[Round "3"]
[White "Nielsen, Mogens Bach"]
[Black "Olesen, Poul Erik Norgaard"]
[Result "0-1"]
[WhiteElo "1846"]
[BlackElo "1963"]
[PlyCount "190"]
[EventDate "2022.02.20"]
[EventType "swiss"]
[EventRounds "7"]
[EventCountry "DEN"]
[SourceTitle "EXT 2024"]
[Source "ChessBase"]
[SourceDate "2023.10.10"]
[SourceVersion "1"]
[SourceVersionDate "2023.10.10"]
[SourceQuality "1"]

1. e4 d6 2. d4 Nf6 3. Nc3 g6 4. Bf4 c6 5. Qd2 b5 6. e5 dxe5 7. dxe5 Qxd2+ 8. Bxd2 Nfd7 9. f4 Nb6 10. 0-0-0 N8d7 11. Nf3 Bg7 12. h4 h5 13. e6 fxe6 14. Bd3 Nf8 15. Ne5 Bxe5 16. fxe5 Bd7 17. Bg5 Nd5 18. Ne4 Nb4 19. a3 Nd5 20. Nc5 0-0-0 21. Be4 Nh7 22. Bd2 Rhg8 23. Rdf1 Rdf8 24. Rxf8+ Nxf8 25. Rf1 Rh8 26. Rf7 Be8 27. Rf3 Nd7 28. Nxd7 Kxd7 29. Bg5 Rg8 30. b3 Rg7 31. Rd3 Kc7 32. Kb2 Nb6 33. Rc3 a5 34. Rc5 Nd5 35. Bxd5 exd5 36. Bf4 Rf7 37. g3 Kb6 38. b4 axb4 39. axb4 Bd7 40. Rc3 Bf5 41. Ra3 d4 42. Ra8 c5 43. Rb8+ Kc6 44. bxc5 Kxc5 45. Rd8 e6 46. Kb3 Be4 47. Rc8+ Bc6 48. Rg8 Rc7 49. Rxg6 Be4 50. Rh6 Kd5 51. Rxh5 Rxc2 52. Rh8 Rc3+ 53. Kb4 Bd3 54. Rd8+ Ke4 55. h5 Rc4+ 56. Kb3 Bc2+ 57. Kb2 Kf3 58. h6 Bf5 59. Rd7 d3 60. h7 Rc2+ 61. Kb3 Rh2 62. Kb4 Rxh7 63. Rd6 Rb7 64. Rd4 Rc7 65. Kxb5 Rc2 66. Bh6 Ke2 67. g4 Bg6 68. Rd6 Be8+ 69. Kb4 d2 70. Bxd2 Rxd2 71. Rxe6 Bf7 72. Rd6 Rb2+ 73. Kc3 Rb3+ 74. Kc2 Re3 75. Rf6 Bd5 76. g5 Rxe5 77. g6 Rg5 78. Kc3 Be4 79. Re6 Ke3 80. Kc4 Kf4 81. Kd4 Bxg6 82. Re7 Rg1 83. Kc5 Rd1 84. Kc4 Be4 85. Kc5 Rd5+ 86. Kc4 Ke3 87. Re8 Rd7 88. Kc5 Kd3 89. Rh8 Rd5+ 90. Kb4 Bf5 91. Rh4 Bd7 92. Rh7 Rb5+ 93. Ka3 Kc3 94. Ka2 Ra5+ 95. Kb1 Bf5+ 0-1

[Event "DEN-ch Seniors 65"]
[Site "Logumkloster"]
[Date "2020.02.14"]
[Round "6"]
[White "Mortensen, John"]
[Black "Olesen, Poul Erik Norgaard"]
[Result "1-0"]
[WhiteElo "2068"]
[BlackElo "2004"]
[PlyCount "57"]
[EventDate "2020.02.09"]
[EventType "swiss"]
[EventRounds "7"]
[EventCountry "DEN"]
[SourceTitle "EXT 2021"]
[Source "ChessBase"]
[SourceDate "2020.10.23"]
[SourceVersion "1"]
[SourceVersionDate "2020.10.23"]
[SourceQuality "1"]

1. e4 g6 2. d4 Bg7 3. Nc3 d6 4. Nf3 Nf6 5. Be2 0-0 6. 0-0 c6 7. a4 Qc7 8. h3 e5 9. dxe5 dxe5 10. Bc4 Re8 11. Be3 Nbd7 12. Qe2 Nf8 13. Ng5 Ne6 14. Nxe6 Bxe6 15. Rfd1 Bxc4 16. Qxc4 Nh5 17. Rd2 Red8 18. Rad1 Rxd2 19. Rxd2 Bf8 20. g3 Ng7 21. Nd5 Qc8 22. Nf6+ Kh8 23. Qxf7 Qe6 24. Qxb7 Qxf6 25. Qxa8 Ne6 26. Bh6 g5 27. Bxf8 Nxf8 28. Rd8 Kg8 29. b4 1-0

[Event "DEN-ch Seniors 65"]
[Site "Logumkloster"]
[Date "2020.02.10"]
[Round "2"]
[White "Olesen, Poul Erik Norgaard"]
[Black "Gottschalck, Christian"]
[Result "1-0"]
[WhiteElo "2004"]
[BlackElo "1701"]
[PlyCount "71"]
[EventDate "2020.02.09"]
[EventType "swiss"]
[EventRounds "7"]
[EventCountry "DEN"]
[SourceTitle "EXT 2021"]
[Source "ChessBase"]
[SourceDate "2020.10.23"]
[SourceVersion "1"]
[SourceVersionDate "2020.10.23"]
[SourceQuality "1"]

1. e4 d5 2. exd5 Nf6 3. d4 Nxd5 4. Nf3 Bg4 5. Be2 c6 6. Nc3 Nd7 7. 0-0 e6 8. h3 Bh5 9. Ne4 N5f6 10. Ng3 Bg6 11. Bf4 h6 12. Re1 Be7 13. Qd2 Nd5 14. c3 Nxf4 15. Qxf4 0-0 16. Rad1 Nb6 17. Bd3 Nd5 18. Qc1 Bxd3 19. Rxd3 Qc7 20. a3 Nf4 21. Rdd1 Ng6 22. Ne5 Nxe5 23. dxe5 Rfd8 24. Rd4 Rxd4 25. cxd4 Rd8 26. Qc3 Qb6 27. Ne2 a5 28. Rc1 Rd5 29. Kf1 c5 30. dxc5 Bxc5 31. Nf4 Qb5+ 32. Qc4 Qxc4+ 33. Rxc4 b5 34. Rc2 Bd4 35. Nxd5 exd5 36. f4 1-0

[Event "Wch Seniors 65 29th"]
[Site "Bucharest"]
[Date "2019.11.20"]
[Round "8"]
[White "Olesen, Poul Erik Norgaard"]
[Black "Bohlin, Jan"]
[Result "1-0"]
[WhiteElo "1978"]
[BlackElo "1799"]
[PlyCount "63"]
[EventDate "2019.11.12"]
[EventType "swiss"]
[EventRounds "11"]
[EventCountry "ROU"]
[SourceTitle "CBM 193 Extra"]
[Source "ChessBase"]
[SourceDate "2020.01.31"]
[SourceVersion "1"]
[SourceVersionDate "2020.01.31"]
[SourceQuality "1"]

1. e4 c5 2. Nf3 e6 3. d4 cxd4 4. Nxd4 Nc6 5. Be3 Nf6 6. Nc3 Qc7 7. Qd2 a6 8. a4 Bb4 9. f3 d5 10. exd5 Nxd5 11. Bf2 Nxc3 12. bxc3 Bd6 13. Nxc6 Qxc6 14. Bd3 0-0 15. 0-0 Bc5 16. Kh1 Bxf2 17. Rxf2 e5 18. Re2 f6 19. Be4 Qc7 20. Bd5+ Kh8 21. Rb1 Rb8 22. c4 Bd7 23. a5 Bc6 24. Qb4 Rfd8 25. Rd2 Rbc8 26. h3 h6 27. Rbd1 Rb8 28. Qc5 Rbc8 29. Qb4 Rb8 30. Rd3 b5 31. Qc5 Rbc8 32. Bxc6 1-0

[Event "Wch Seniors 65 29th"]
[Site "Bucharest"]
[Date "2019.11.19"]
[Round "7"]
[White "Piasetski, Leon David"]
[Black "Olesen, Poul Erik Norgaard"]
[Result "1-0"]
[WhiteElo "2246"]
[BlackElo "1978"]
[PlyCount "63"]
[EventDate "2019.11.12"]
[EventType "swiss"]
[EventRounds "11"]
[EventCountry "ROU"]
[SourceTitle "CBM 193 Extra"]
[Source "ChessBase"]
[SourceDate "2020.01.31"]
[SourceVersion "1"]
[SourceVersionDate "2020.01.31"]
[SourceQuality "1"]

1. Nf3 Nf6 2. c4 g6 3. Nc3 Bg7 4. e4 d6 5. d4 0-0 6. Be3 Nbd7 7. Be2 e5 8. d5 c5 9. Nd2 a6 10. g4 Ne8 11. h4 f5 12. gxf5 gxf5 13. exf5 Rxf5 14. Qc2 Rf8 15. 0-0-0 Kh8 16. Nde4 Ndf6 17. Ng5 Qe7 18. Rdg1 Bd7 19. Bg4 b5 20. Bxd7 Qxd7 21. Ne6 Rg8 22. Qf5 bxc4 23. h5 Ra7 24. h6 Bf8 25. Rxg8+ Kxg8 26. Qg5+ Kf7 27. Rg1 e4 28. Nxe4 Qe7 29. Qf5 Rb7 30. N4g5+ Kg8 31. Nxh7+ Kh8 32. Nhxf8 1-0

[Event "Wch Seniors 65 29th"]
[Site "Bucharest"]
[Date "2019.11.15"]
[Round "4"]
[White "Olesen, Poul Erik Norgaard"]
[Black "Florea, Dorina"]
[Result "1-0"]
[WhiteElo "1978"]
[BlackElo "1747"]
[PlyCount "30"]
[EventDate "2019.11.12"]
[EventType "swiss"]
[EventRounds "11"]
[EventCountry "ROU"]
[SourceTitle "CBM 193 Extra"]
[Source "ChessBase"]
[SourceDate "2020.01.31"]
[SourceVersion "1"]
[SourceVersionDate "2020.01.31"]
[SourceQuality "1"]

1. e4 c5 2. Nf3 d6 3. d4 cxd4 4. Nxd4 Nf6 5. Nc3 a6 6. a4 Nc6 7. Be2 Bd7 8. Be3 e6 9. 0-0 Be7 10. f4 0-0 11. Qd2 Nxd4 12. Bxd4 Bc6 13. Bf3 Qc7 14. a5 Nd7 15. Rfd1 Rfd8 1-0

[Event "Wch Seniors 65 29th"]
[Site "Bucharest"]
[Date "2019.11.12"]
[Round "1"]
[White "Shirazi, Kamran"]
[Black "Olesen, Poul Erik Norgaard"]
[Result "1-0"]
[WhiteElo "2349"]
[BlackElo "1978"]
[PlyCount "57"]
[EventDate "2019.11.12"]
[EventType "swiss"]
[EventRounds "11"]
[EventCountry "ROU"]
[SourceTitle "CBM 193 Extra"]
[Source "ChessBase"]
[SourceDate "2020.01.31"]
[SourceVersion "1"]
[SourceVersionDate "2020.01.31"]
[SourceQuality "1"]

1. d4 g6 2. e4 Bg7 3. Bc4 d6 4. Nf3 Nf6 5. Nc3 0-0 6. Be3 Nxe4 7. Nxe4 d5 8. Bd3 dxe4 9. Bxe4 Nd7 10. c3 c6 11. Bc2 e5 12. 0-0 Qc7 13. dxe5 Nxe5 14. Nxe5 Bxe5 15. f4 Bg7 16. Qf3 Be6 17. f5 Bd5 18. Qh3 Rfe8 19. Rf2 Be5 20. Bg5 f6 21. fxg6 fxg5 22. Rf7 Bxf7 23. gxf7+ Kxf7 24. Qxh7+ Ke6 25. Qf5+ Kd6 26. Rd1+ Kc5 27. Qf2+ Kb5 28. Bd3+ Ka5 29. b4+ 1-0

[Event "EUR-chT Seniors 65"]
[Site "Mali Losinj"]
[Date "2019.09.23"]
[Round "6.2"]
[White "Van Herck, Marcel"]
[Black "Olesen, Poul Erik Norgaard"]
[Result "1-0"]
[WhiteElo "2088"]
[BlackElo "1996"]
[PlyCount "53"]
[EventDate "2019.09.18"]
[EventType "team-swiss"]
[EventRounds "9"]
[EventCountry "CRO"]
[SourceTitle "EXT 2020"]
[Source "ChessBase"]
[SourceDate "2019.10.17"]
[SourceVersion "1"]
[SourceVersionDate "2019.10.17"]
[SourceQuality "1"]
[WhiteTeam "Belgium 65"]
[BlackTeam "Denmark SK 2012 65"]
[WhiteTeamCountry "BEL"]
[BlackTeamCountry "DEN"]

1. d4 g6 2. c4 Bg7 3. Nc3 Nf6 4. e4 d6 5. Be2 0-0 6. Bg5 h6 7. Be3 e5 8. d5 a5 9. Qd2 Kh7 10. f3 Na6 11. g4 Nc5 12. h4 Ng8 13. h5 g5 14. Bd1 Bd7 15. Nge2 Bf6 16. Ng3 Ne7 17. Bc2 Nc8 18. b3 Nb6 19. Qe2 Be7 20. 0-0 Qc8 21. a3 Na6 22. Nf5 Re8 23. Rfb1 c5 24. dxc6 Qxc6 25. Nxe7 Rxe7 26. Nd5 Nxd5 27. exd5+ 1-0

[Event "Aalborg Larsen Memorial"]
[Site "Aalborg"]
[Date "2018.10.15"]
[Round "3"]
[White "Jorgensen, Jorgen"]
[Black "Olesen, Poul Erik Norgaard"]
[Result "1/2-1/2"]
[WhiteElo "2211"]
[BlackElo "2004"]
[PlyCount "58"]
[EventDate "2018.10.13"]
[EventType "swiss"]
[EventRounds "7"]
[EventCountry "DEN"]
[SourceTitle "CBM 186 Extra"]
[Source "ChessBase"]
[SourceDate "2018.08.24"]
[SourceVersion "1"]
[SourceVersionDate "2018.08.24"]
[SourceQuality "1"]

1. Nf3 g6 2. c4 Bg7 3. Nc3 Nf6 4. e4 d6 5. d4 0-0 6. Be2 e5 7. 0-0 Nc6 8. Be3 Nb8 9. Bc1 Nc6 10. Be3 Ng4 11. Bg5 f6 12. Bc1 Nh6 13. h3 Nf7 14. Be3 exd4 15. Nxd4 Nxd4 16. Bxd4 c6 17. Qb3 Qe7 18. f4 f5 19. Bxg7 Kxg7 20. Bd3 Qf6 21. Kh1 Nh6 22. Rf3 Rf7 23. Raf1 Re7 24. Qc2 Bd7 25. Qf2 Kh8 26. exf5 Nxf5 27. g4 Nd4 28. Re3 Rxe3 29. Qxe3 Re8 1/2-1/2

[Event "EU-chT Seniors 65"]
[Site "Walbrzych"]
[Date "2018.04.15"]
[Round "2.4"]
[White "Olesen, Poul Erik Norgaard"]
[Black "Marks, Ian Alexander"]
[Result "1-0"]
[WhiteElo "2005"]
[BlackElo "1895"]
[PlyCount "63"]
[EventDate "2018.04.14"]
[EventType "team-swiss"]
[EventRounds "9"]
[EventCountry "POL"]
[SourceTitle "CBM 184 Extra"]
[Source "ChessBase"]
[SourceDate "2018.06.28"]
[SourceVersion "1"]
[SourceVersionDate "2018.06.28"]
[SourceQuality "1"]
[WhiteTeam "Denmark Norresundby 65"]
[BlackTeam "Scotland 65"]
[WhiteTeamCountry "DEN"]
[BlackTeamCountry "SCO"]

1. e4 c6 2. d3 d5 3. Nd2 e5 4. Ngf3 Bd6 5. d4 exd4 6. exd5 Nf6 7. Nxd4 Nxd5 8. Qe2+ Qe7 9. Nc4 Qxe2+ 10. Bxe2 Bc7 11. Bf3 Nf4 12. g3 Ne6 13. Nf5 g6 14. Ncd6+ Bxd6 15. Nxd6+ Ke7 16. Nxc8+ Rxc8 17. Be3 Nd7 18. 0-0-0 Ne5 19. Be2 Rd8 20. f4 Rxd1+ 21. Rxd1 Nd7 22. g4 Rd8 23. f5 Nc7 24. h3 Nd5 25. Bf2 Nf4 26. Bf1 gxf5 27. gxf5 b6 28. Bg3 Nh5 29. Bd6+ Kf6 30. Bc7 Re8 31. Rxd7 Re1+ 32. Rd1 1-0

[Event "EU-chT Seniors 65"]
[Site "Walbrzych"]
[Date "2018.04.14"]
[Round "1.4"]
[White "Nilsson, Christer1111"]
[Black "Olesen, Poul Erik Norgaard"]
[Result "0-1"]
[WhiteElo "1931"]
[BlackElo "2005"]
[PlyCount "60"]
[EventDate "2018.04.14"]
[EventType "team-swiss"]
[EventRounds "9"]
[EventCountry "POL"]
[SourceTitle "CBM 184 Extra"]
[Source "ChessBase"]
[SourceDate "2018.06.28"]
[SourceVersion "1"]
[SourceVersionDate "2018.06.28"]
[SourceQuality "1"]
[WhiteTeam "Sweden 65 II"]
[BlackTeam "Denmark Norresundby 65"]
[WhiteTeamCountry "FIN"]
[BlackTeamCountry "DEN"]

1. e4 e5 2. Nf3 d6 3. d4 exd4 4. Nxd4 g6 5. Bc4 Bg7 6. Nc3 Nc6 7. Nxc6 bxc6 8. Qd3 Ne7 9. 0-0 0-0 10. Bg5 Kh8 11. Rfe1 h6 12. Bf4 g5 13. Be3 Ng6 14. Qd2 Ne5 15. Be2 Qf6 16. Rad1 Qg6 17. f4 gxf4 18. Bxf4 Rg8 19. Rf1 Be6 20. Rf2 h5 21. h4 Bf6 22. Bg5 Bxg5 23. hxg5 Qxg5 24. Qe1 Rg7 25. Rd2 Rag8 26. Nd1 Qg3 27. Bxh5 Rh7 28. Qe2 Bg4 29. Bxg4 Qh2+ 30. Kf1 Qh1# 0-1

[Event "DEN-ch Seniors 65+"]
[Site "Logumkloster"]
[Date "2017.02.17"]
[Round "6"]
[White "Olesen, Poul Erik Norgaard"]
[Black "Rendlev, Niels Moller"]
[Result "1-0"]
[WhiteElo "2030"]
[BlackElo "1800"]
[PlyCount "33"]
[EventDate "2017.02.12"]
[EventType "swiss"]
[EventRounds "7"]
[EventCountry "DEN"]
[SourceTitle "EXT 2018"]
[Source "ChessBase"]
[SourceDate "2017.10.13"]
[SourceVersion "1"]
[SourceVersionDate "2017.10.13"]
[SourceQuality "1"]

1. e4 e6 2. d4 d5 3. Nc3 Nf6 4. Bg5 Be7 5. Bxf6 Bxf6 6. Nf3 0-0 7. e5 Be7 8. Bd3 c5 9. h4 cxd4 10. Bxh7+ Kh8 11. Ng5 g6 12. Nxf7+ Rxf7 13. Bxg6 Rh7 14. Bxh7 Kxh7 15. Qh5+ Kg7 16. Rh3 dxc3 17. Rg3+ 1-0

[Event "DEN-ch Seniors 65+"]
[Site "Logumkloster"]
[Date "2017.02.13"]
[Round "2"]
[White "Olesen, Poul Erik Norgaard"]
[Black "Hansen, Ib Lynaes"]
[Result "1-0"]
[WhiteElo "2030"]
[BlackElo "1787"]
[PlyCount "57"]
[EventDate "2017.02.12"]
[EventType "swiss"]
[EventRounds "7"]
[EventCountry "DEN"]
[SourceTitle "EXT 2018"]
[Source "ChessBase"]
[SourceDate "2017.10.13"]
[SourceVersion "1"]
[SourceVersionDate "2017.10.13"]
[SourceQuality "1"]

1. e4 e6 2. d4 b6 3. Bd3 Bb7 4. Nf3 c5 5. Qe2 cxd4 6. Nxd4 Nc6 7. Be3 Nf6 8. 0-0 Rc8 9. Nc3 Nxd4 10. Bxd4 Be7 11. f4 0-0 12. e5 Ne8 13. f5 exf5 14. Bxf5 Bc5 15. Rad1 Bc6 16. Bxc5 bxc5 17. e6 dxe6 18. Rxd8 Rxd8 19. Bxe6 Nf6 20. Rxf6 gxf6 21. Bf5 Rfe8 22. Qh5 Re5 23. Ne4 Kf8 24. Qh6+ Ke8 25. Qxf6 Rd1+ 26. Kf2 Rxf5+ 27. Qxf5 Bb5 28. Qc8+ Ke7 29. Qxc5+ 1-0

[Event "Wch Seniors 65 26th"]
[Site "Marianske Lazne"]
[Date "2016.11.29"]
[Round "10"]
[White "Hanisch, Friedrich"]
[Black "Olesen, Poul Erik Norgaard"]
[Result "0-1"]
[WhiteElo "2160"]
[BlackElo "1998"]
[PlyCount "116"]
[EventDate "2016.11.19"]
[EventType "swiss"]
[EventRounds "11"]
[EventCountry "CZE"]
[SourceTitle "CBM 175 Extra"]
[Source "ChessBase"]
[SourceDate "2016.12.12"]
[SourceVersion "1"]
[SourceVersionDate "2016.12.12"]
[SourceQuality "1"]

1. d4 g6 2. c4 Bg7 3. Nc3 Nf6 4. e4 d6 5. Be2 0-0 6. Nf3 c5 7. d5 Na6 8. 0-0 Nc7 9. Bf4 Nh5 10. Be3 e5 11. Qd2 f5 12. Bg5 Nf6 13. Ne1 f4 14. f3 h6 15. Bxf6 Qxf6 16. Nd3 h5 17. Kh1 Kh7 18. a3 Bh6 19. Rg1 Bd7 20. Nf2 Rf7 21. Qd3 Rg8 22. Raf1 Rfg7 23. g4 Bg5 24. Rg2 Bh4 25. Kg1 Rf8 26. b3 g5 27. Bd1 Qh6 28. Be2 Rgf7 29. Ncd1 Ne8 30. b4 b6 31. b5 Nf6 32. a4 Ng8 33. Qc3 hxg4 34. Nxg4 Qg6 35. Qd3 Nf6 36. Nxf6+ Rxf6 37. Nf2 Bxf2+ 38. Rgxf2 Qh5 39. Kh1 Rh6 40. Bd1 Qh3 41. Qd2 Rh8 42. Rg1 Qh5 43. Rfg2 Rg8 44. Rf2 Qg6 45. Qc2 Rh8 46. Re2 Rh5 47. Rf2 Kg7 48. Rgg2 Bh3 49. Rg1 Kf6 50. Rd2 Rh4 51. Rf2 Qh5 52. Qd2 Rg8 53. Qc2 g4 54. fxg4 Bxg4 55. Bxg4 Rgxg4 56. Rxg4 Qxg4 57. Rg2 Qf3 58. Kg1 Rh3 0-1

[Event "Wch Seniors 65 26th"]
[Site "Marianske Lazne"]
[Date "2016.11.19"]
[Round "1"]
[White "Zhelnin, Vladimir V"]
[Black "Olesen, Poul Erik Norgaard"]
[Result "1-0"]
[WhiteElo "2453"]
[BlackElo "1998"]
[PlyCount "59"]
[EventDate "2016.11.19"]
[EventType "swiss"]
[EventRounds "11"]
[EventCountry "CZE"]
[SourceTitle "CBM 175 Extra"]
[Source "ChessBase"]
[SourceDate "2016.12.12"]
[SourceVersion "1"]
[SourceVersionDate "2016.12.12"]
[SourceQuality "1"]

1. e4 e5 2. Nf3 d6 3. Bc4 Nc6 4. d4 exd4 5. Nxd4 g6 6. Nc3 Bg7 7. Be3 Nf6 8. f3 0-0 9. a3 Re8 10. 0-0 d5 11. Bxd5 Nxd5 12. Nxd5 f5 13. Nb5 Be5 14. Bf4 Bxf4 15. Nxf4 Qg5 16. Nxc7 Qxf4 17. Nxe8 Be6 18. Nf6+ Kg7 19. Nd5 Qe5 20. Qd3 Rd8 21. c4 Kg8 22. b4 a6 23. Rad1 Qg7 24. Qe3 Ne5 25. exf5 Bxf5 26. Ne7+ Qxe7 27. Rxd8+ Qxd8 28. Qxe5 Bd3 29. Rd1 Qb6+ 30. c5 1-0